000 01074nam a2200229 u 4500
001 000644740
003 AM-YeHGA
005 20250617140938.0
008 090323s1962 ||| r 000 0 rus d
040 _aAM-YeHGA
041 0 _arus
100 1 _aТихонов, Николай Петрович
245 1 0 _aКраткий справочник по карантинным вредителям, болезням и сорным растениям :
_b(В помощь общественному карантинному уполномоченному и агроному) /
_cН.П. Тихонов, П.А. Клюшкин; Отв. ред. И.С. Стригин.
260 _aСмоленск :
_bСмоленск. кн. изд-во,
_c1962.
300 _a241 с. :
_bил.
504 _aБиблиогр.: с. 237-238
653 0 _aСельское хозяйство
653 0 _aСорные растения - Справочники
700 1 _aКлюшкин, Петр Амосович
700 1 _aСтригин, И.С.
_eред.
_4edt
090 _c231192
999 _c229640
_d229640